| 000 | 00519nam a2200169 i 4500 | ||
|---|---|---|---|
| 001 | 150889 | ||
| 003 | ES-MaACL | ||
| 005 | 20230906203740.0 | ||
| 007 | t| | ||
| 008 | 071116s1879 sp ||||1| spa d | ||
| 245 | 0 | 0 | _aLey de aguas sancionada en 13 de junio de 1879. |
| 260 |
_aMadrid : _b[s.n.], _c1879. |
||
| 300 |
_a55 p. ; _c23 cm. |
||
| 500 | _aPrecede al tít.: Ministerio de Fomento. | ||
| 710 | 1 |
_aEspaña. _bMinisterio de Fomento. _93868 |
|
| 852 |
_aES-MaACL _jG-9533(10) _q. - Encuadernado con otras obras |
||
| 999 |
_c150889 _d150889 |
||